000 04519nam a22003857a 4500
005 20120607113128.0
010 _aB-485376-390
020 _a9780143415909
_c175.00
035 _aB-485376-390
037 _bपेंगुइन बुक्स
082 _a821
100 _aसिब्बल, कपिल
_953582
245 _aकिस-किस की जय हो/
_cकपिल सिब्बलः अशोक चक्रधर द्वारा छायानुवाद
260 _aनई दिल्ली
_bपेंगुइन बुक्स
_c2011
270 _a11, कम्युनिटी सेंटर, पंचशील पा्र्क
_bनई दिल्ली
_e110017
300 _axvii, 148 पृ.
_c20 सें.मी.(सजिल्द)
942 _2ddc
_cHN
_h821
_mसिब्बल
999 _c67622
_d67622